Mezinárodní týmy : šance a výzva
Multikultúrne tímy stále častejšie aj v ekonomike. Úspech multikultúrnych tímov ovplyvnený vyváženou štruktúrou, komplexnosťou úloh a uvedomením si kultúrnych rozdielov. Výhody : kreativita a flexibilita. Nevýhody : nedôvera a konflikty. Rozdielne komunikačné správanie v rozdielnych kultúrach. Predp...
Salvato in:
| Natura: | Capitolo di libro |
|---|---|
| Lingua: | ceco |
| Soggetti: | |
| Tags: |
Nessun Tag, puoi essere il primo ad aggiungerne!!
|
MARC
| LEADER | 00000naa$a2200000$$$4500 | ||
|---|---|---|---|
| 001 | 0022691 | ||
| 005 | 20231106121706.7 | ||
| 041 | 0 | |a cze | |
| 044 | |a CZ | ||
| 245 | 1 | 0 | |a Mezinárodní týmy : šance a výzva |
| 520 | |a Multikultúrne tímy stále častejšie aj v ekonomike. Úspech multikultúrnych tímov ovplyvnený vyváženou štruktúrou, komplexnosťou úloh a uvedomením si kultúrnych rozdielov. Výhody : kreativita a flexibilita. Nevýhody : nedôvera a konflikty. Rozdielne komunikačné správanie v rozdielnych kultúrach. Predpoklady úspechu multikultúrneho tímu. Manažment multikultúrnych tímov. | ||
| 610 | 2 | 0 | |a zdroje ľudské |
| 610 | 2 | 0 | |a riadenie ľudských zdrojov |
| 610 | 2 | 0 | |a manažment |
| 610 | 2 | 0 | |a tímy pracovné |
| 610 | 2 | 0 | |a spolupráca medzinárodná |
| 610 | 2 | 0 | |a spolupracovníci |
| 610 | 2 | 0 | |a kultúra |
| 610 | 2 | 0 | |a komunikácia multikultúrna |
| 610 | 2 | 0 | |a koordinácia |
| 610 | 2 | 0 | |a kreativita |
| 610 | 2 | 0 | |a flexibilita |
| 610 | 2 | 0 | |a konflikty |